00883nam a22002655i 450000100060000000300090000600500170001500700030003200800410003502000180007604000220009408000110011610000420012724500940016926000360026330000280029949000400032749000320036750000120039965000360041170000290044783000400047683000320051685200690054811997ES-MaACL20230906150221.0t|910910s1988 sp ||||0| spa j a84-7754-034-9 aM-BN bspa cM-BN a539.121 aFernández Alvarez-Estrada, Ramón.10aPartículas elementales / cRamón Fernández Alvarez-Estrada, Marina Ramón Medrano. aMadrid : bEUDEMA, cD.L. 1988. a172 p : bil ; c21 cm.1 aEUDEMA universidad. Textos de apoyo1 aTemas de la física de hoy aIndice.14aPartículas (Física nuclear)1 aRamón Medrano, Marina.0 aEUDEMA universidad. Textos de apoyo0 aTemas de la física de hoy aES-MaACLjL-19309 bR.120008 q. - Ded. autógr. de los autores